LEADER 00677naa a2200169 i 4500 001 000000318655 003 CaOOAMICUS 005 20180831173252.0 008 180831n xx u000 u fre u 013 $a28183 040 $aSeMil$bita 100 1 $aRouthier, Gilles,$d<1953- >.$0(OLS)http://semarc/name/12682 245 12$aL'Eglise nait de la Parole. 650 4$aEcclesiologia.$0(OLS)http://semarc/subject/42996 650 4$aChiesa e Parola di Dio.$0(OLS)http://semarc/subject/34301 773 0 $tTravail de la Parole.$dBruxelles : Lumen Vitae, 2011.$kPédagogie pastorale$z978-2-87324-414-9$gp.123-138$w()207047 996 $6245$aL'Eglise nait de la Parole$9(OLS)http://semarc/title/392508 LEADER 00874nam a2200229 i 4500 001 000000060331 003 CaOOAMICUS 005 20140528000000.0 008 140528s1969 xx u000 u ger u 013 $a31503 040 $aSeMil$bita 100 1 $aLohse, Bernhard,$d<1928-1997>.$0(OLS)http://semarc/name/30697 245 10$aEpochen der Dogmengeschichte /$cBernhard Lohse. 250 $a2. Aufl. 260 $aStuttgart ; Berlin :$bKreuz,$c1969. 300 $a270 p. ;$c22 cm. 650 4$aDogma.$0(OLS)http://semarc/subject/545 650 4$aDogma - Storia delle dottrine.$0(OLS)http://semarc/subject/5 850 $aSeMil 852 $aSeMil$W1$xVenegono$y1$m2K II 309$j26484$B26484$CSeMilBibl$Z2$F26487 $81 996 $6245$aEpochen der Dogmengeschichte$9(OLS)http://semarc/title/94531 996 $6260$aStuttgart ; Berlin :$bKreuz$9(OLS)http://semarc/publisher/35624